| 000 | 00334nam a22001337a 4500 | ||
|---|---|---|---|
| 008 | 171010b xxu||||| |||| 00| 0 eng d | ||
| 020 | _a9780073528144 | ||
| 041 | _aeng | ||
| 080 |
_25TH _a316 |
||
| 100 | _a50 | ||
| 101 | _aSOC | ||
| 245 |
_aEXPERIENCING RACE, GLASS, AND GENDER IN THE UNITED STATES _cRUSCIANO,R.F |
||
| 942 |
_2udc _cBK |
||
| 999 |
_c32817 _d32817 |
||